| 000 | 00841nac a22002531u 4500 | ||
|---|---|---|---|
| 010 | _a013589900 | ||
| 020 | _a9780745630229 (hbk.) | ||
| 022 | _a0745630227 (hbk.) | ||
| 022 | _a9780745630236 (pbk.) | ||
| 022 | _a0745630235 (pbk.) | ||
| 082 |
_a341.6901 _bSIM |
||
| 090 |
_c9187 _d9187 |
||
| 100 | _aSimpson, Gerry J. | ||
| 245 |
_aLaw, war and crime : war crimes trials and the reinvention of international law / _cGerry Simpson. |
||
| 260 |
_aCambridge : _bPolity, C.2007. _cC.2007. |
||
| 300 |
_aix, 225 p. ; _b24 cm. |
||
| 500 | _aFormerly CIP. Uk | ||
| 500 | _aDistributer: Academic Bookshop. | ||
| 504 | _aIncludes bibliographical references and index. | ||
| 511 | _aCatalogued By: Mahitab. | ||
| 650 | _aWar crimes. | ||
| 650 | _aWar crime trials. | ||
| 942 |
_cBB _k341.6901 SIM |
||
| 999 |
_c9187 _d9187 |
||